| 000 | 00566cam a2200193 a 4500 | ||
|---|---|---|---|
| 001 | 000018056 | ||
| 005 | 20200929165333.0 | ||
| 008 | 790927s1928 ht 000 0 fre d | ||
| 040 |
_aDO-SdBNP _bfre _cLC _dBNPHU |
||
| 082 |
_a841 _bB766e |
||
| 100 | 1 |
_aBourand, Etienne. _939142 |
|
| 245 | 1 | 2 |
_aL'eternel adolescent / _cEtienne Bourand. |
| 260 |
_aPort-au-Prince : _bImprimerie Modèle, _c1928. |
||
| 300 |
_a107 p. ; _c20 cm. |
||
| 650 | 4 |
_aPoesía francesa _94916 |
|
| 650 | 4 |
_aLiteratura francesa _91074 |
|
| 910 | _aCatalogación por copia / LC | ||
| 049 | _aBNGR | ||
| 999 |
_c17578 _d17578 |
||